000 00852cam a22002414a 4500
001 14167158
005 20250223125959.0
008 051103s2006 njua bf 001 0 eng
020 _a0131133160
050 0 0 _aRJ245
_b.B345 2006
082 0 0 _a618.92/00231
_222
100 1 _aBall, Jane W.
245 1 0 _aClinical handbook for pediatric nursing /
_cJane W. Ball, Ruth C. Bindler.
260 _aUpper Saddle River, N.J. :
_bPearson Prentice Hall,
_cc2006.
300 _aiv, 672 p. :
_bill. ;
_c20 cm.
650 0 _aPediatric nursing
_vHandbooks, manuals, etc.
650 1 2 _aPediatric Nursing
_xmethods
_vHandbooks.
650 2 2 _aChild Development
_vHandbooks.
650 2 2 _aNursing Assessment
_vHandbooks.
700 1 _aBindler, Ruth C.
856 4 1 _3Table of contents only
_uhttp://www.loc.gov/catdir/toc/ecip063/2005032298.html
942 _2lcc
_cBK
_n0
999 _c4185
_d4185